000 00275nam a2200121 i 4500
001 bg
245 0 _aMechanika deformirueznych teł i konstrukcij.
260 _aErewan,
_c1985.
040 _cBPK
041 _apol
942 _cKS
008 s pl f |000 0 pol
999 _c28261
_d28261
856 _uhttp://koha.tu.koszalin.pl/cgi-bin/koha/opac-detail.pl?biblionumber=28261
_yKatalog online BPK